PLANE AND GEODETIC SURVEYING (Record no. 2398)

MARC details
000 -LEADER
Fixed length control field 00435nam a2200169 4500
003 - CONTROL NUMBER IDENTIFIER
Control field SEACOMEC
005 - DATE AND TIME OF LATEST TRANSACTION
Control field 20250813130438.0
008 - FIXED-LENGTH DATA ELEMENTS--GENERAL INFORMATION
Fixed length control field 250813b |||||||| |||| 00| 0 eng d
020 ## - INTERNATIONAL STANDARD BOOK NUMBER / ISBN
International Standard Book Number 8123911726
Price 250
040 ## - CATALOGING SOURCE
Original cataloging agency SEACOMEC
082 ## - DEWEY DECIMAL CLASSIFICATION NUMBER
Classification number 526.9
Book Number C592
100 ## - MAIN ENTRY--PERSONAL NAME
Personal name Clark, David
245 ## - TITLE STATEMENT
Title PLANE AND GEODETIC SURVEYING
Sub title PLANE SURVEYING
Statement of responsibility David Clark
250 ## - EDITION STATEMENT
Edition statement 6th rev. ed.
260 ## - IMPRINT
Place of publication New Delhi
Name of publisher CBS
Date of publication r2004
942 ## - ADDED ENTRY ELEMENTS (KOHA)
Koha item type Books
Holdings
Withdrawn status Lost status Source of classification Damaged status Not for loan Home library Current library Date acquired Total Checkouts Call number Accession number Date last seen Price effective from Koha item type Copy number
    Dewey Decimal Classification     SEACOM ENGINEERING COLLEGE SEACOM ENGINEERING COLLEGE 02/08/2012   526.9 C592 19374 13/08/2025 13/08/2025 Books  
    Dewey Decimal Classification     SEACOM ENGINEERING COLLEGE SEACOM ENGINEERING COLLEGE 02/08/2012   526.9 C592 19375 13/08/2025 13/08/2025 Books 1
    Dewey Decimal Classification     SEACOM ENGINEERING COLLEGE SEACOM ENGINEERING COLLEGE 02/08/2012   526.9 C592 19376 13/08/2025 13/08/2025 Books 2
    Dewey Decimal Classification     SEACOM ENGINEERING COLLEGE SEACOM ENGINEERING COLLEGE 02/08/2012   526.9 C592 19377 13/08/2025 13/08/2025 Books 3
    Dewey Decimal Classification     SEACOM ENGINEERING COLLEGE SEACOM ENGINEERING COLLEGE 02/08/2012   526.9 C592 19378 13/08/2025 13/08/2025 Books 4
    Dewey Decimal Classification     SEACOM ENGINEERING COLLEGE SEACOM ENGINEERING COLLEGE 02/08/2012   526.9 C592 19379 13/08/2025 13/08/2025 Books 5
    Dewey Decimal Classification     SEACOM ENGINEERING COLLEGE SEACOM ENGINEERING COLLEGE 02/08/2012   526.9 C592 19380 13/08/2025 13/08/2025 Books 6
    Dewey Decimal Classification     SEACOM ENGINEERING COLLEGE SEACOM ENGINEERING COLLEGE 02/08/2012   526.9 C592 19381 13/08/2025 13/08/2025 Books 7
    Dewey Decimal Classification     SEACOM ENGINEERING COLLEGE SEACOM ENGINEERING COLLEGE 02/08/2012   526.9 C592 19382 13/08/2025 13/08/2025 Books 8
    Dewey Decimal Classification     SEACOM ENGINEERING COLLEGE SEACOM ENGINEERING COLLEGE 02/08/2012   526.9 C592 19383 13/08/2025 13/08/2025 Books 9
    Dewey Decimal Classification     SEACOM ENGINEERING COLLEGE SEACOM ENGINEERING COLLEGE 02/08/2012   526.9 C592 19384 13/08/2025 13/08/2025 Books 10
    Dewey Decimal Classification     SEACOM ENGINEERING COLLEGE SEACOM ENGINEERING COLLEGE 02/08/2012   526.9 C592 19385 13/08/2025 13/08/2025 Books 11
    Dewey Decimal Classification     SEACOM ENGINEERING COLLEGE SEACOM ENGINEERING COLLEGE 02/08/2012   526.9 C592 19386 13/08/2025 13/08/2025 Books 12
    Dewey Decimal Classification     SEACOM ENGINEERING COLLEGE SEACOM ENGINEERING COLLEGE 02/08/2012   526.9 C592 19387 13/08/2025 13/08/2025 Books 13
    Dewey Decimal Classification     SEACOM ENGINEERING COLLEGE SEACOM ENGINEERING COLLEGE 02/08/2012   526.9 C592 19388 13/08/2025 13/08/2025 Books 14
© Seacom Engineering College, All rights reserved.      Powered by Koha